| 000 | 00427nam a2200145Ia 4500 | ||
|---|---|---|---|
| 003 | OSt | ||
| 005 | 20260128105355.0 | ||
| 008 | 211028s2017 xx 000 0 und d | ||
| 040 | _cAIMIT LIBRARY | ||
| 041 | _aeng | ||
| 100 |
_aNaik, Subhash K; Nazareth, Teresa. _g1516164 _97736 |
||
| 245 | _aStudy on consumer buying behavior of ceramic tiles in Honnavar / | ||
| 260 |
_aMangalore _bTeresa Nazareth. _c2017 |
||
| 942 |
_2ddc _cPRO |
||
| 999 |
_c219304 _d219304 |
||